Moons of Uranus - Statistics

General Stats
  • This quiz has been taken 675 times
  • The average score is 20 of 27
Answer Stats
Radius in km Answer % Correct
788.9±1.8 Titania
95%
578.9±0.6 Ariel
93%
584.7±2.8 Umbriel
90%
761.4±2.6 Oberon
89%
235.8±0.7 Miranda
85%
46.8±4 Juliet
81%
81±2 Puck
79%
25.7±2 Bianca
76%
32±4 Desdemona
74%
6 Mab
74%
21.4±4 Ophelia
74%
20.1±3 Cordelia
73%
36±6 Rosalind
73%
5.5 Margaret
72%
40.3±8 Belinda
71%
21 Caliban
71%
6 Ferdinand
70%
6 Francisco
70%
39.8±2 Cressida
69%
78.5 Sycorax
69%
9 Cupid
67%
67.6±4.0 Portia
66%
25 Prospero
66%
10 Stephano
61%
15 Perdita
60%
24 Setebos
60%
9 Trinculo
58%
No matching quizzes found
Score Distribution
Percent of People with Each Score
Percentile by Number Answered
Your Score History
You have not taken this quiz